[Event "?"]
[Site "ICC 2 12 10/01/97, Internet C"]
[Date "1997.??.??"]
[Round "?"]
[White "Brause"]
[Black "RAR"]
[Result "1-0"]
[WhiteElo "2420"]
[BlackElo "2250"]
[PlyCount "85"]

1. e4 e5 2. Nf3 Nc6 3. Nc3 Nf6 4. Nxe5 Nxe5 5. d4 Ng6 6. e5 Ng8 7. Bc4 Bb4 8.
Qf3 Bxc3+ 9. bxc3 Qe7 10. O-O Rb8 11. Re1 b6 12. Qg3 h6 13. h4 b5 14. Bd5 Kf8
15. a4 b4 16. h5 Nh4 17. cxb4 d6 18. Bd2 Nf5 19. Qd3 Qd8 20. exd6 cxd6 21. Be4
Nfe7 22. Rac1 Nf6 23. Bf3 Bf5 24. Qa6 Qd7 25. Bf4 Rb6 26. Qa5 d5 27. c4 dxc4
28. Rxc4 Nfd5 29. Bc7 Re6 30. Rxe6 Bxe6 31. Qxa7 Nb6 32. Rc1 Nbd5 33. Bxd5 Bxd5
34. Qb8+ Qc8 35. Qxc8+ Nxc8 36. Be5 Nb6 37. Rc7 Be6 38. a5 Nd5 39. Ra7 Kg8 40.
b5 Bf5 41. b6 Bc8 42. Ra8 Nxb6 43. axb6 1-0

[Event "?"]
[Site "ICC 2 12 10/10/97, Internet C"]
[Date "1997.??.??"]
[Round "?"]
[White "Brause"]
[Black "drstrangemove"]
[Result "0-1"]
[WhiteElo "2515"]
[BlackElo "1940"]
[PlyCount "154"]

1. e4 e5 2. Nf3 Nc6 3. Nc3 Nf6 4. Nxe5 Nxe5 5. d4 Ng6 6. e5 Ng8 7. Bc4 Bb4 8.
Qf3 Qe7 9. O-O Bxc3 10. bxc3 Nh6 11. Re1 O-O 12. Bd3 Rb8 13. Qh5 b6 14. Bxh6
gxh6 15. Qxh6 Bb7 16. Bf5 Rfe8 17. Re3 Qf8 18. Qxf8+ Nxf8 19. h3 d6 20. exd6
cxd6 21. Rae1 Bc6 22. c4 Rxe3 23. fxe3 Re8 24. Kf2 Be4 25. Bxe4 Rxe4 26. Ke2
Ne6 27. Kd3 Rh4 28. Rb1 Rh6 29. c5 dxc5 30. d5 Nd8 31. c4 Rg6 32. Rb2 Kf8 33.
g4 Rh6 34. a4 Rxh3 35. a5 Rh6 36. Ra2 Rg6 37. axb6 axb6 38. Rh2 Kg7 39. Rb2 Kf8
40. Rh2 h6 41. e4 f6 42. Rb2 Rxg4 43. Rxb6 Ke7 44. Rb8 h5 45. Rc8 h4 46. Rxc5
Nf7 47. Rc7+ Kf8 48. Ra7 h3 49. Ra8+ Kg7 50. Ra1 Ne5+ 51. Kd4 Nf3+ 52. Ke3 Ng1
53. Ra7+ Kg6 54. Ra8 h2 55. Rh8 Rg3+ 56. Kf2 Nh3+ 57. Kxg3 h1=Q 58. Rxh3 Qxe4
59. d6 Qe5+ 60. Kg2 Qxd6 61. Re3 Qc6+ 62. Kg3 Qxc4 63. Re8 Qb3+ 64. Kf2 Kf5 65.
Rh8 Kf4 66. Rh4+ Kg5 67. Rh8 f5 68. Re8 Kf4 69. Rh8 Qb2+ 70. Ke1 Qxh8 71. Kd2
Qh3 72. Kc2 Ke4 73. Kd2 Kd4 74. Kc2 Qc3+ 75. Kd1 Qb2 76. Ke1 Ke3 77. Kf1 Qf2#
0-1

[Event "?"]
[Site "ICC 2 12 10/10/97, Internet C"]
[Date "1997.??.??"]
[Round "?"]
[White "Brause"]
[Black "Klamath"]
[Result "1-0"]
[WhiteElo "2510"]
[BlackElo "2655"]
[PlyCount "55"]

1. e4 e5 2. Nf3 Nf6 3. Nc3 Nc6 4. Nxe5 Nxe5 5. d4 Ng6 6. e5 Ng8 7. Bc4 d6 8.
Qf3 Qd7 9. O-O dxe5 10. dxe5 Nxe5 11. Re1 Bd6 12. Bf4 f6 13. Bb5 c6 14. Rad1
Qe6 15. Qg3 Kf8 16. Bxe5 Bxe5 17. f4 cxb5 18. fxe5 Qb6+ 19. Re3 Bf5 20. Rd6 Qc5
21. Rd5 Qc8 22. Qf4 Ne7 23. exf6 Ng6 24. Qd4 Kf7 25. Nxb5 Rd8 26. Rxd8 Qxd8 27.
Nd6+ Kf8 28. fxg7+ 1-0

[Event "?"]
[Site "ICC 2 12 10/10/97, Internet C"]
[Date "1997.??.??"]
[Round "?"]
[White "Brause"]
[Black "RossA"]
[Result "1-0"]
[WhiteElo "2520"]
[BlackElo "2105"]
[PlyCount "37"]

1. e4 e5 2. Nf3 Nc6 3. Nc3 Nf6 4. Nxe5 Nxe5 5. d4 Ng6 6. e5 Ng8 7. Bc4 d6 8.
Qf3 Qd7 9. O-O c6 10. exd6 Bxd6 11. Re1+ Kf8 12. Ne4 Bc7 13. Ng5 Nh6 14. Ne6+
Kg8 15. Nxc7 Qxc7 16. Re8+ Nf8 17. Bxh6 gxh6 18. Qf6 Rb8 19. Qxh6 1-0

[Event "?"]
[Site "ICC 2 12 10/10/97, Internet C"]
[Date "1997.??.??"]
[Round "?"]
[White "Brause"]
[Black "DrTarrasch"]
[Result "0-1"]
[WhiteElo "2505"]
[BlackElo "2170"]
[PlyCount "117"]

1. e4 e5 2. Nf3 Nc6 3. Nc3 Nf6 4. Nxe5 Nxe5 5. d4 Ng6 6. e5 Ng8 7. Bc4 Bb4 8.
Qf3 Qe7 9. O-O Bxc3 10. bxc3 Nh6 11. Re1 O-O 12. Bd3 d6 13. Bxh6 gxh6 14. exd6
Qxd6 15. Rab1 Rb8 16. a4 c6 17. g3 Be6 18. Qh5 Kg7 19. Qa5 a6 20. Rb2 b5 21.
Rbb1 Ra8 22. Ra1 Bd5 23. axb5 cxb5 24. Qb4 Qc6 25. Ra5 Rae8 26. Rb1 Qe6 27.
Rxa6 Qxa6 28. Bxb5 Qe6 29. c4 Bf3 30. Qc3 Qg4 31. Bxe8 Rxe8 32. h3 Qf5 33. g4
Qf6 34. Rb5 Nh4 35. Re5 Rb8 36. Rb5 Rd8 37. Re5 Bb7 38. Re3 Nf3+ 39. Kf1 Rxd4
40. Rd3 Be4 41. Rxd4 Qxd4 42. Qxd4+ Nxd4 43. c3 Bd3+ 44. Kg2 Ne2 45. c5 Nxc3
46. Kf3 Nd5 47. h4 Kf6 48. Kg3 Ke5 49. h5 f6 50. Kf3 Bb5 51. Kg3 Ke4 52. Kg2
Kf4 53. Kh3 Nc3 54. f3 Kxf3 55. Kh2 Ne4 56. c6 Bxc6 57. Kg1 Bb5 58. Kh2 Kf2 59.
g5 0-1

[Event "?"]
[Site "ICC 2 12 10/10/97, Internet C"]
[Date "1997.??.??"]
[Round "?"]
[White "Brause"]
[Black "DrTarrasch"]
[Result "1-0"]
[WhiteElo "2460"]
[BlackElo "2160"]
[PlyCount "53"]

1. e4 e5 2. Nf3 Nc6 3. Nc3 Nf6 4. Nxe5 Nxe5 5. d4 Ng6 6. e5 Ng8 7. Bc4 Bb4 8.
Qf3 Qe7 9. O-O Bxc3 10. bxc3 Nh6 11. Re1 O-O 12. Bd3 d6 13. Bxh6 gxh6 14. exd6
Qxd6 15. Rab1 Rb8 16. a4 c6 17. g3 b6 18. a5 b5 19. Qh5 Kg7 20. Bf1 Be6 21. Re3
a6 22. Rbe1 Bd5 23. Bd3 Qc7 24. f4 Qxa5 25. f5 Nh8 26. f6+ Kxf6 27. Qe5# 1-0

[Event "?"]
[Site "ICC 2 12 10/10/97, Internet C"]
[Date "1997.??.??"]
[Round "?"]
[White "Brause"]
[Black "DrTarrasch"]
[Result "0-1"]
[WhiteElo "2465"]
[BlackElo "2155"]
[PlyCount "115"]

1. e4 e5 2. Nf3 Nc6 3. Nc3 Nf6 4. Nxe5 Nxe5 5. d4 Ng6 6. e5 Ng8 7. Bc4 Bb4 8.
Qf3 Qe7 9. O-O Bxc3 10. bxc3 Nh6 11. Re1 O-O 12. Bd3 d6 13. Bxh6 gxh6 14. exd6
Qxd6 15. Rab1 Rb8 16. a4 c6 17. g3 Be6 18. Qh5 Kg7 19. Qa5 a6 20. Rb2 b5 21.
Rbb1 Ra8 22. Ra1 Bd5 23. axb5 cxb5 24. Ra3 Rae8 25. Re3 Rxe3 26. fxe3 Qe6 27.
e4 Bxe4 28. Bxe4 Qxe4 29. Qxa6 Qe1+ 30. Kg2 Qe2+ 31. Kg1 Re8 32. Ra1 h5 33. Rf1
h4 34. Qf6+ Kh6 35. gxh4 Qg4+ 36. Kh1 Re2 37. Qg5+ Qxg5 38. hxg5+ Kxg5 39. Rxf7
h5 40. Rb7 h4 41. h3 Kf4 42. Rb6 Ne7 43. Rxb5 Nf5 44. Kg1 Ne3 45. c4 Rg2+ 46.
Kh1 Rxc2 47. c5 Kg3 48. Rb1 Kxh3 49. Kg1 Kg3 50. c6 h3 51. c7 Rxc7 52. Kh1 Rc2
53. Rg1+ Rg2 54. Rc1 Rh2+ 55. Kg1 Rc2 56. Rxc2 Nxc2 57. Kf1 h2 58. Ke2 0-1

[Event "?"]
[Site "ICC 2 12 10/10/97, Internet C"]
[Date "1997.??.??"]
[Round "?"]
[White "Brause"]
[Black "DrTarrasch"]
[Result "1-0"]
[WhiteElo "2440"]
[BlackElo "2180"]
[PlyCount "75"]

1. e4 e5 2. Nf3 Nc6 3. Nc3 Nf6 4. Nxe5 Nxe5 5. d4 Ng6 6. e5 Ng8 7. Bc4 Bb4 8.
Qf3 Qe7 9. O-O Bxc3 10. bxc3 Nh6 11. Re1 O-O 12. Bd3 d6 13. Bxh6 gxh6 14. exd6
Qxd6 15. Rab1 Rb8 16. a4 b6 17. a5 Bb7 18. Qh3 Kg7 19. axb6 axb6 20. Qg4 Rbe8
21. Rxe8 Rxe8 22. f3 Qe6 23. Qg3 Re7 24. Kf1 h5 25. Qg5 h4 26. h3 h6 27. Qd2
Bd5 28. Rb5 Nf4 29. c4 Bxc4 30. Re5 Nxd3 31. Rxe6 Nf4+ 32. Kg1 Nxe6 33. d5 b5
34. dxe6 Rxe6 35. Qd4+ f6 36. Qg4+ Kh7 37. Qxh4 c6 38. Qg4 1-0

[Event "?"]
[Site "ICC 2 12 10/10/97, Internet C"]
[Date "1997.??.??"]
[Round "?"]
[White "Brause"]
[Black "DrTarrasch"]
[Result "1-0"]
[WhiteElo "2445"]
[BlackElo "2170"]
[PlyCount "127"]

1. e4 e5 2. Nf3 Nc6 3. Nc3 Nf6 4. Nxe5 Nxe5 5. d4 Ng6 6. e5 Ng8 7. Bc4 Bb4 8.
Qf3 Qe7 9. O-O Bxc3 10. bxc3 Nh6 11. Re1 O-O 12. Bd3 d6 13. Bxh6 gxh6 14. exd6
Qxd6 15. Rab1 Rb8 16. a4 c6 17. g3 Be6 18. Qh5 Kg7 19. Qa5 a6 20. Rb2 b5 21.
Rbb1 Ra8 22. Ra1 Bd5 23. axb5 cxb5 24. Qb4 Qc6 25. Ra5 Rfe8 26. Rxe8 Rxe8 27.
c4 bxc4 28. Bf1 Nh4 29. Qc5 Nf3+ 30. Kg2 Qxc5 31. Rxc5 Be4 32. Bxc4 Nxd4+ 33.
Kh3 Ne6 34. Ra5 Ng5+ 35. Kh4 Bf3 36. Bd3 Ne4 37. Rf5 Bg2 38. Bxa6 Kg6 39. g4
Ng5 40. Bd3 Be4 41. Rd5 Bxd3 42. cxd3 Re2 43. Kg3 Rd2 44. f4 Ne6 45. f5+ Kf6
46. fxe6 fxe6 47. Rd7 Kg5 48. h4+ Kf6 49. h5 Kg5 50. Rg7+ Kf6 51. Rxh7 Rxd3+
52. Kh4 e5 53. Rxh6+ Kf7 54. g5 Rd4+ 55. Kg3 Rf4 56. Rh7+ Kf8 57. g6 Rf1 58.
Kg4 e4 59. h6 e3 60. Rc7 Rg1+ 61. Kf5 e2 62. h7 Rf1+ 63. Kg4 Rg1+ 64. Kf3 1-0

[Event "?"]
[Site "ICC 2 12 10/10/97, Internet C"]
[Date "1997.??.??"]
[Round "?"]
[White "Brause"]
[Black "DrTarrasch"]
[Result "1-0"]
[WhiteElo "2450"]
[BlackElo "2165"]
[PlyCount "89"]

1. e4 e5 2. Nf3 Nc6 3. Nc3 Nf6 4. Nxe5 Nxe5 5. d4 Ng6 6. e5 Ng8 7. Bc4 Bb4 8.
Qf3 Qe7 9. O-O Bxc3 10. bxc3 Nh6 11. Re1 O-O 12. Bxh6 gxh6 13. Re3 d6 14. exd6
Qxd6 15. Rae1 Bd7 16. Qxb7 Bc6 17. Qa6 Nf4 18. Bf1 Kh8 19. c4 Rg8 20. g3 Rg6
21. d5 Bd7 22. Qxd6 cxd6 23. Re7 Ba4 24. Rxf7 Nh5 25. Bd3 Rg7 26. Ree7 Rxf7 27.
Rxf7 Ng7 28. Rf6 Rd8 29. Rxh6 Kg8 30. f4 Ne8 31. Rxh7 Rd7 32. Rxd7 Bxd7 33. f5
a5 34. g4 Nf6 35. g5 Ng4 36. h4 Ne5 37. f6 a4 38. c5 dxc5 39. Be4 a3 40. h5 Nf7
41. g6 Ng5 42. h6 Be8 43. h7+ Nxh7 44. gxh7+ Kh8 45. d6 1-0

[Event "?"]
[Site "ICC 2 12 10/10/97, Internet C"]
[Date "1997.??.??"]
[Round "?"]
[White "Brause"]
[Black "kamikaze666"]
[Result "1-0"]
[WhiteElo "2465"]
[BlackElo "2390"]
[PlyCount "60"]

1. e4 e5 2. Nf3 Nc6 3. Nc3 Nf6 4. Nxe5 Nxe5 5. d4 Ng6 6. e5 Ng8 7. Bc4 d6 8.
Qf3 Qd7 9. O-O dxe5 10. dxe5 Nxe5 11. Re1 Bd6 12. Bf4 f6 13. Bb5 c6 14. Rad1
Qe6 15. Qg3 Kf8 16. Bxe5 Bxe5 17. f4 cxb5 18. fxe5 Qb6+ 19. Re3 Bf5 20. Rd6 Qc5
21. Rd5 Qc7 22. Nxb5 Qxc2 23. exf6 Nxf6 24. Nd4 Qb1+ 25. Re1 Qxe1+ 26. Qxe1
Nxd5 27. Nxf5 Kf7 28. Qe5 Rhd8 29. Nd6+ Rxd6 30. Qxd6 Ne7 1-0

[Event "?"]
[Site "ICC 2 12 10/02/97, Internet C"]
[Date "1997.??.??"]
[Round "?"]
[White "Brause"]
[Black "NORPICO"]
[Result "0-1"]
[WhiteElo "2470"]
[BlackElo "2700"]
[PlyCount "143"]

1. e4 e5 2. Nf3 Nc6 3. Nc3 Nf6 4. Nxe5 Nxe5 5. d4 Nc6 6. d5 Ne5 7. f4 Ng6 8. e5
Ng8 9. d6 cxd6 10. exd6 Qh4+ 11. g3 Qf6 12. Nb5 Rb8 13. Be3 b6 14. Bd4 Qe6+ 15.
Be2 Kd8 16. Qd3 Bb7 17. Rf1 Be4 18. f5 Bxd3 19. fxe6 Bxe2 20. e7+ N8xe7 21.
dxe7+ Bxe7 22. Kxe2 a6 23. Nc3 f6 24. Rae1 Bc5 25. Kd3 Bxd4 26. Kxd4 Rc8 27. a4
Ne5 28. b3 Re8 29. Rc1 Nc6+ 30. Kd3 Nb4+ 31. Kd2 Re6 32. Rf4 Rd6+ 33. Ke2 a5
34. Nb5 Rd5 35. Rd4 Rh5 36. c4 Rxh2+ 37. Kf3 Nc6 38. Rdd1 Ne5+ 39. Ke3 h5 40.
Nd6 Rc6 41. Nf5 Ng4+ 42. Kd4 g6 43. Ne3 Nf2 44. Rg1 h4 45. gxh4 Rh3 46. Rce1
Rd6+ 47. Kc3 Nd3 48. Rh1 Rf3 49. Re2 Nf4 50. Rhe1 Re6 51. Kd2 Nxe2 52. Rxe2 f5
53. Re1 Rf2+ 54. Kd3 Rh2 55. Nc2 Rh3+ 56. Kd2 Rxh4 57. Rg1 Rh3 58. Kc1 Rf6 59.
Kb2 f4 60. Rd1 g5 61. b4 g4 62. bxa5 bxa5 63. Nd4 f3 64. Nxf3 gxf3 65. Rf1 f2
66. Kc2 Ra3 67. c5 Re6 68. Kd2 Re5 69. Rxf2 Ra2+ 70. Kd3 Rxf2 71. Kd4 Rh5 72.
Kc3 0-1

[Event "?"]
[Site "ICC 2 12 10/02/97, Internet C"]
[Date "1997.??.??"]
[Round "?"]
[White "Brause"]
[Black "apollo"]
[Result "1-0"]
[WhiteElo "2500"]
[BlackElo "1900"]
[PlyCount "25"]

1. e4 e5 2. Nf3 Nc6 3. Nc3 Nf6 4. Nxe5 Nxe5 5. d4 Ng6 6. e5 Ng8 7. Bc4 Bb4 8.
Qf3 Qe7 9. O-O Bxc3 10. bxc3 c6 11. a4 b6 12. Ba3 c5 13. Qxa8 1-0

[Event "?"]
[Site "ICC 2 12 10/02/97, Internet C"]
[Date "1997.??.??"]
[Round "?"]
[White "Brause"]
[Black "CalifPhantom"]
[Result "1-0"]
[WhiteElo "2490"]
[BlackElo "2265"]
[PlyCount "77"]

1. e4 e5 2. Nf3 Nc6 3. Nc3 Nf6 4. Nxe5 Nxe5 5. d4 Nc6 6. d5 Ne5 7. f4 Ng6 8. e5
Ng8 9. d6 cxd6 10. exd6 Qf6 11. Nb5 Kd8 12. Be3 Qxb2 13. Bd4 Qb4+ 14. c3 Qb2
15. Rb1 Qxa2 16. g3 b6 17. Be2 Bb7 18. O-O f6 19. c4 Be4 20. Ra1 Qc2 21. Bxb6+
Ke8 22. Qxc2 Bxc2 23. Bf3 Bf5 24. Bxa8 axb6 25. Bd5 Be6 26. Ra8+ Kf7 27. Bxe6+
Kxe6 28. f5+ Kf7 29. fxg6+ hxg6 30. Rd8 Nh6 31. Rxd7+ Kg8 32. Rb7 Ng4 33. Rf4
f5 34. Rd4 Kh7 35. Rb8 Rg8 36. d7 Be7 37. Rxg8 Kxg8 38. d8=Q+ Bxd8 39. Rxd8+
1-0

[Event "?"]
[Site "ICC 2 12 10/11/97, Internet C"]
[Date "1997.??.??"]
[Round "?"]
[White "Brause"]
[Black "sekere"]
[Result "1-0"]
[WhiteElo "2405"]
[BlackElo "2040"]
[PlyCount "61"]

1. e4 e5 2. Nf3 Nc6 3. Nc3 Nf6 4. Nxe5 Nxe5 5. d4 Ng6 6. e5 Ng8 7. Bc4 Bb4 8.
Qf3 Bxc3+ 9. bxc3 Qe7 10. O-O Nh6 11. Re1 O-O 12. Bd3 Re8 13. Be4 c6 14. Qh5
Qh4 15. Bxg6 Qxh5 16. Bxh5 d5 17. Bxh6 gxh6 18. Reb1 Re7 19. Re1 Bf5 20. Rac1
Kg7 21. Kf1 Rg8 22. Ke2 Kf8 23. Bf3 Re6 24. Ke3 f6 25. Kf4 Bg6 26. Bg4 fxe5+
27. dxe5 Re7 28. e6 Kg7 29. Ke5 Rd8 30. f4 h5 31. Bh3 1-0

[Event "?"]
[Site "ICC 2 12 10/11/97, Internet C"]
[Date "1997.??.??"]
[Round "?"]
[White "Brause"]
[Black "sekere"]
[Result "1-0"]
[WhiteElo "2410"]
[BlackElo "2040"]
[PlyCount "47"]

1. e4 e5 2. Nf3 Nc6 3. Nc3 Nf6 4. Nxe5 Nxe5 5. d4 Nc6 6. d5 Nb8 7. e5 Ng8 8. d6
Nc6 9. Nb5 cxd6 10. exd6 Qf6 11. Nc7+ Kd8 12. Nxa8 Bxd6 13. c3 Nge7 14. Qg4 Re8
15. Be2 Qe6 16. Qxe6 dxe6 17. Bg5 Bd7 18. Rd1 Bb8 19. Bh5 Kc8 20. Bxf7 Rf8 21.
Bh5 Be5 22. Bf3 h6 23. Bxe7 Nxe7 24. Bxb7+ 1-0

[Event "?"]
[Site "ICC 2 12 10/20/97, Internet C"]
[Date "1997.??.??"]
[Round "?"]
[White "Brause"]
[Black "paladin1"]
[Result "1-0"]
[WhiteElo "2590"]
[BlackElo "1985"]
[PlyCount "59"]

1. e4 e5 2. Nf3 Nc6 3. Nc3 Nf6 4. Nxe5 Nxe5 5. d4 Nc6 6. d5 Bb4 7. dxc6 bxc6 8.
Qd4 Qe7 9. Bd2 O-O 10. Bd3 Bc5 11. Qa4 Ng4 12. Nd1 f5 13. Be2 d5 14. Qxc6 Rb8
15. Qxd5+ Be6 16. Bg5 Qxg5 17. Qxc5 Qf4 18. exf5 Rxf5 19. Qxa7 Re8 20. Bxg4
Bc4+ 21. Ne3 Qxg4 22. f3 Rxf3 23. gxf3 Qxf3 24. Kd2 Qe2+ 25. Kc1 Rxe3 26. Qxc7
Bf7 27. Rd1 h5 28. Rd8+ Kh7 29. Qxf7 Rf3 30. Qxh5# 1-0

[Event "?"]
[Site "ICC 2 12 10/20/97, Internet C"]
[Date "1997.??.??"]
[Round "?"]
[White "Brause"]
[Black "mishah"]
[Result "1-0"]
[WhiteElo "2560"]
[BlackElo "1925"]
[PlyCount "41"]

1. e4 e5 2. Nf3 Nc6 3. Nc3 Nf6 4. Nxe5 Nxe5 5. d4 Nc6 6. d5 Ne5 7. f4 Ng6 8. e5
Ng8 9. d6 c6 10. g3 h5 11. h4 Nh6 12. Qxh5 Ng8 13. Qe2 Nxh4 14. gxh4 Rxh4 15.
Bh3 a5 16. Ne4 b6 17. Nf6+ gxf6 18. exf6+ Ne7 19. fxe7 Bxe7 20. dxe7 Qxe7 21.
Bxd7+ 1-0

[Event "?"]
[Site "ICC 2 12 10/20/97, Internet C"]
[Date "1997.??.??"]
[Round "?"]
[White "Brause"]
[Black "mishah"]
[Result "1-0"]
[WhiteElo "2565"]
[BlackElo "1925"]
[PlyCount "33"]

1. e4 e5 2. Nf3 Nc6 3. Nc3 Nf6 4. Nxe5 Nxe5 5. d4 Nc6 6. d5 Nb8 7. e5 Ng8 8. d6
cxd6 9. exd6 Qf6 10. Nb5 Kd8 11. Nc7 Bxd6 12. Nxa8 Nc6 13. c3 b6 14. Be3 Bb7
15. Qd2 h6 16. O-O-O Ke7 17. Nc7 1-0

[Event "?"]
[Site "ICC 2 12 10/20/97, Internet C"]
[Date "1997.??.??"]
[Round "?"]
[White "Brause"]
[Black "mishah"]
[Result "1-0"]
[WhiteElo "2565"]
[BlackElo "1925"]
[PlyCount "101"]

1. e4 e5 2. Nf3 Nc6 3. Nc3 Nf6 4. Nxe5 Nxe5 5. d4 Ng6 6. e5 Ng8 7. Bc4 Bb4 8.
Qf3 Bxc3+ 9. bxc3 Qe7 10. O-O Nh6 11. Bd5 c6 12. Bxh6 gxh6 13. Bc4 O-O 14. Rae1
d5 15. exd6 Qxd6 16. Re3 Qf4 17. Qe2 Bg4 18. f3 Bf5 19. Rd1 Bxc2 20. Re1 Bf5
21. Qb2 b5 22. Bb3 a5 23. a4 Rab8 24. axb5 Rxb5 25. Qa2 Bd7 26. Re4 Qd6 27. c4
Rb4 28. Rd1 Qb8 29. Re3 Nf4 30. Rde1 a4 31. Bc2 Ne6 32. d5 cxd5 33. cxd5 Nd4
34. Bd3 Bf5 35. Bxf5 Nxf5 36. Re5 Nd4 37. f4 Qb6 38. Kh1 Kg7 39. Qa3 Nc2 40.
Qc3 Nd4 41. Qa3 Ra8 42. Qg3+ Qg6 43. Qc3 Rab8 44. Kg1 a3 45. R5e3 Qf6 46. Rg3+
Kh8 47. Qxb4 Ra8 48. Qa4 Rg8 49. Re8 Ne2+ 50. Rxe2 Qa1+ 51. Kf2 1-0

[Event "?"]
[Site "ICC 2 12 10/20/97, Internet C"]
[Date "1997.??.??"]
[Round "?"]
[White "Brause"]
[Black "paladin1"]
[Result "0-1"]
[WhiteElo "2565"]
[BlackElo "1925"]
[PlyCount "97"]

1. e4 e5 2. Nf3 Nc6 3. Nc3 Nf6 4. Nxe5 Nxe5 5. d4 Ng6 6. e5 Ng8 7. Bc4 d5 8.
Bxd5 N8e7 9. Bb3 Nf5 10. Ne2 c6 11. Rg1 h5 12. Qd3 Bb4+ 13. c3 Be7 14. Nf4 Nxf4
15. Bxf4 a5 16. Qe4 a4 17. Bc4 b5 18. Bxb5 cxb5 19. Qxa8 O-O 20. Qe4 Be6 21.
Bd2 Qd7 22. a3 Bd5 23. Qd3 g6 24. g4 hxg4 25. O-O-O Rc8 26. Kb1 Bf3 27. Rde1
Qd5 28. Bc1 Rc4 29. Ka1 b4 30. axb4 Bxb4 31. cxb4 Nxd4 32. Kb1 Rxb4 33. e6 fxe6
34. Qxg6+ Kf8 35. Bh6+ Ke7 36. Qg7+ Ke8 37. Qf8+ Kd7 38. Qf7+ Kc6 39. Qe8+ Kb7
40. Qe7+ Ka6 41. Qh7 a3 42. Qd3+ Kb6 43. Qxd4+ Rxd4 44. Rxe6+ Qxe6 45. Be3 Be4+
46. Ka1 axb2+ 47. Kxb2 Qc4 48. Bxd4+ Qxd4+ 49. Ka3 0-1

[Event "?"]
[Site "ICC 2 12 10/20/97, Internet C"]
[Date "1997.??.??"]
[Round "?"]
[White "Brause"]
[Black "mishah"]
[Result "1/2-1/2"]
[WhiteElo "2535"]
[BlackElo "1925"]
[PlyCount "157"]

1. e4 e5 2. Nf3 Nc6 3. Nc3 Nf6 4. Nxe5 Nxe5 5. d4 Ng6 6. e5 Ng8 7. Bc4 Bb4 8.
Qf3 Qe7 9. O-O Bxc3 10. bxc3 Nh6 11. Bd5 Rb8 12. Bxh6 gxh6 13. Rab1 c6 14. Bc4
O-O 15. Qg3 Qh4 16. Qe3 Qf4 17. Qe2 d5 18. exd6 Qxd6 19. Rfe1 b5 20. Bb3 Bd7
21. Qd3 Rbe8 22. c4 bxc4 23. Bxc4 Be6 24. Bb3 Bxb3 25. axb3 Rd8 26. Red1 Rfe8
27. c3 Kf8 28. Qf3 Qd5 29. Qg3 Qd6 30. Qg4 Qf4 31. Qh5 Qg5 32. Qh3 Nf4 33. Qf3
Rd6 34. Kf1 Rf6 35. Qg3 Qxg3 36. hxg3 Nd5 37. Rdc1 Re3 38. c4 Nc3 39. Ra1 Re2
40. f3 Re3 41. Rxa7 Ne4 42. b4 Rb3 43. b5 cxb5 44. cxb5 Rxb5 45. Rc2 Rb1+ 46.
Ke2 Nxg3+ 47. Kf2 Nf5 48. d5 Rd1 49. g4 Ne7 50. d6 Rfxd6 51. Rcc7 Re6 52. Ra8+
Kg7 53. Raa7 Rde1 54. Kg3 Kf6 55. Rd7 R1e3 56. Ra5 R3e5 57. Ra4 Nd5 58. Rd4 Ne7
59. Ra4 Rd5 60. Rc7 h5 61. Rf4+ Kg6 62. Rb7 hxg4 63. fxg4 Rd3+ 64. Kf2 Rf6 65.
Rxf6+ Kxf6 66. g5+ Ke6 67. Rb1 Kf5 68. Ke2 Rg3 69. Rb7 Ke6 70. Rb6+ Kd7 71. Rh6
Rxg5 72. Rxh7 Ke6 73. Kf3 f5 74. Rh8 Rg4 75. Rb8 Ke5 76. Re8 Kf6 77. Rf8+ Kg7
78. Rxf5 Nxf5 79. Kxg4 1/2-1/2

[Event "?"]
[Site "ICC 2 12 10/20/97, Internet C"]
[Date "1997.??.??"]
[Round "?"]
[White "Brause"]
[Black "mishah"]
[Result "1-0"]
[WhiteElo "2520"]
[BlackElo "1910"]
[PlyCount "59"]

1. e4 e5 2. Nf3 Nc6 3. Nc3 Nf6 4. Nxe5 Nxe5 5. d4 Ng6 6. e5 Ng8 7. Bc4 Bb4 8.
Qf3 Bxc3+ 9. bxc3 Qe7 10. O-O Nh6 11. Bd5 c6 12. Bc4 b5 13. Bd3 O-O 14. Bxh6
gxh6 15. a4 bxa4 16. Rxa4 d5 17. exd6 Qxd6 18. Rfa1 Qc7 19. c4 Bd7 20. c5 Rfe8
21. g3 Bh3 22. g4 Nf4 23. d5 Qe5 24. Qxf4 Qe1+ 25. Bf1 Bxf1 26. Rxe1 Rxe1 27.
Re4 Rb1 28. Rb4 Re1 29. Qd2 Rae8 30. Rb8 1-0

[Event "?"]
[Site "ICC 2 12 10/20/97, Internet C"]
[Date "1997.??.??"]
[Round "?"]
[White "Brause"]
[Black "mishah"]
[Result "1-0"]
[WhiteElo "2520"]
[BlackElo "1910"]
[PlyCount "99"]

1. e4 e5 2. Nf3 Nc6 3. Nc3 Nf6 4. Nxe5 Nxe5 5. d4 Ng6 6. e5 Ng8 7. Bc4 Bb4 8.
Qf3 Bxc3+ 9. bxc3 Qe7 10. O-O Nh6 11. Bd5 c6 12. Bxh6 gxh6 13. Be4 O-O 14. c4
d6 15. Bxc6 bxc6 16. Qxc6 Bf5 17. exd6 Qd7 18. Qxd7 Bxd7 19. c5 Rac8 20. Rab1
a5 21. f3 Nf4 22. Rfe1 Ne6 23. c3 Nxc5 24. dxc5 Rxc5 25. Re3 Rd5 26. Rb6 Rd8
27. c4 Rd1+ 28. Kf2 Rd4 29. c5 Rc4 30. Re5 Rc8 31. Rb7 Be6 32. Rc7 Rd8 33. a3
a4 34. Re4 Kf8 35. Rxc4 Bxc4 36. Ke3 Be6 37. Kd4 Ke8 38. Ke5 Rc8 39. Rxc8+ Bxc8
40. c6 Kd8 41. Kd5 Be6+ 42. Kd4 Kc8 43. g4 f6 44. Kc5 f5 45. gxf5 Bxf5 46. Kd5
h5 47. f4 h4 48. Ke5 Bh3 49. f5 Bg2 50. f6 1-0

[Event "?"]
[Site "ICC 2 12 10/20/97, Internet C"]
[Date "1997.??.??"]
[Round "?"]
[White "Brause"]
[Black "Roby"]
[Result "1-0"]
[WhiteElo "2550"]
[BlackElo "2075"]
[PlyCount "54"]

1. e4 e5 2. Nf3 Nc6 3. Nc3 Nf6 4. Nxe5 Nxe5 5. d4 Nc6 6. d5 Nb8 7. e5 Ng8 8. d6
cxd6 9. exd6 Bxd6 10. Qxd6 Qe7+ 11. Qxe7+ Nxe7 12. Nb5 Kd8 13. Nd6 Rf8 14. Bc4
Nbc6 15. Nxf7+ Ke8 16. Nd6+ Kd8 17. Bg5 h6 18. Bh4 a6 19. O-O-O b5 20. Bd3 g5
21. Bg3 Rb8 22. Be4 Rb6 23. f3 a5 24. h4 Nb4 25. a3 Rxd6 26. Rxd6 Na6 27. Rxh6
Nf5 1-0

[Event "?"]
[Site "ICC 2 12 10/03/97, Internet C"]
[Date "1997.??.??"]
[Round "?"]
[White "Brause"]
[Black "DrTarrasch"]
[Result "1-0"]
[WhiteElo "2435"]
[BlackElo "2120"]
[PlyCount "89"]

1. e4 e5 2. Nf3 Nc6 3. Nc3 Nf6 4. Nxe5 Nxe5 5. d4 Ng6 6. e5 Ng8 7. Bc4 Bb4 8.
Qf3 Qe7 9. O-O Bxc3 10. bxc3 Nh6 11. g3 O-O 12. Qh5 d5 13. Bxd5 Bg4 14. Qg5
Qxg5 15. Bxg5 c6 16. Bb3 Rfe8 17. Kg2 Be6 18. Bxh6 gxh6 19. Bxe6 fxe6 20. f4
Ne7 21. Rfb1 Rab8 22. Rb3 b6 23. a4 Rb7 24. a5 b5 25. Kf3 a6 26. c4 Reb8 27. c5
Nd5 28. c3 b4 29. c4 Ne7 30. g4 Kf7 31. Ke4 Kg6 32. f5+ Kf7 33. Rf1 Rg8 34.
fxe6+ Kxe6 35. h3 h5 36. gxh5 Rg2 37. Rf6+ Kd7 38. e6+ Ke8 39. Rbf3 Rg8 40. Rf1
b3 41. Rf7 b2 42. Rb1 h6 43. Rf2 Nc8 44. Rbxb2 Rxb2 45. Rxb2 1-0

[Event "?"]
[Site "ICC 2 12 10/03/97, Internet C"]
[Date "1997.??.??"]
[Round "?"]
[White "Brause"]
[Black "drstrangemove"]
[Result "1-0"]
[WhiteElo "2460"]
[BlackElo "1915"]
[PlyCount "107"]

1. e4 e5 2. Nf3 Nc6 3. Nc3 Nf6 4. Nxe5 Nxe5 5. d4 Nc6 6. d5 Ne5 7. f4 Ng6 8. e5
Ng8 9. d6 cxd6 10. exd6 Qb6 11. Qe2+ Kd8 12. f5 Bxd6 13. fxg6 hxg6 14. h3 Nf6
15. Qd3 Re8+ 16. Kd1 Bb4 17. Bd2 Bxc3 18. Bxc3 Ne4 19. Bd4 Nf2+ 20. Bxf2 Qxf2
21. Qd2 Qxd2+ 22. Kxd2 b6 23. Bc4 Re7 24. Rhf1 f5 25. Bd5 Rb8 26. Kd3 Bb7 27.
Bxb7 Rxb7 28. Rf4 Rc7 29. g4 Rc5 30. Rc1 Rce5 31. Rf3 d5 32. Rg1 Kd7 33. gxf5
gxf5 34. Rg6 Ke8 35. Rg5 Rf7 36. Rfg3 Kf8 37. Kd4 Re2 38. Rg2 Rxg2 39. Rxg2 Ke7
40. Ke5 f4 41. a4 f3 42. Rf2 g6 43. Kxd5 Rf4 44. Ke5 Rxa4 45. Rxf3 Ra5+ 46. Kd4
Ke6 47. c4 Rh5 48. Rg3 Rh4+ 49. Rg4 Rxg4+ 50. hxg4 Kd6 51. Ke4 Ke6 52. Kf4 Kf6
53. b4 a5 54. c5 1-0

[Event "?"]
[Site "ICC 2 12 10/03/97, Internet C"]
[Date "1997.??.??"]
[Round "?"]
[White "Brause"]
[Black "MeWithMyself"]
[Result "1-0"]
[WhiteElo "2440"]
[BlackElo "2195"]
[PlyCount "48"]

1. e4 e5 2. Nf3 Nc6 3. Nc3 Nf6 4. Nxe5 Nxe5 5. d4 Nc6 6. d5 Ne5 7. f4 Ng6 8. e5
Ng8 9. d6 cxd6 10. exd6 Qb6 11. Qe2+ Kd8 12. f5 Bxd6 13. fxg6 hxg6 14. Nb5 Nf6
15. Be3 Bc5 16. Bxc5 Qxc5 17. O-O-O d5 18. Qe5 Bg4 19. Nd6 Qc7 20. Re1 Rh5 21.
Qg3 Kd7 22. Bb5+ Kd8 23. Be8 Be6 24. Nxf7+ Bxf7 1-0

[Event "?"]
[Site "ICC 2 12 10/03/97, Internet C"]
[Date "1997.??.??"]
[Round "?"]
[White "Brause"]
[Black "MeWithMyself"]
[Result "1-0"]
[WhiteElo "2445"]
[BlackElo "2190"]
[PlyCount "33"]

1. e4 e5 2. Nf3 Nc6 3. Nc3 Nf6 4. Nxe5 Nxe5 5. d4 Ng6 6. e5 Ng8 7. Bc4 Bb4 8.
Qf3 Bxc3+ 9. bxc3 Qe7 10. O-O Nf8 11. Ba3 Qxa3 12. Qxf7+ Kd8 13. Qxg7 Ng6 14.
Bxg8 Qf8 15. Qxf8+ Nxf8 16. Bb3 Ne6 17. f4 1-0